| 000 | 00802nam a2200301 a 4500 | ||
|---|---|---|---|
| 003 | AR-BaBNM | ||
| 005 | 20251128210458.0 | ||
| 008 | 082120s2002 ||||||||||||||000 | spa|| | ||
| 020 | _a84-359-0191-2 | ||
| 040 | _cAR-BaBNM | ||
| 100 | 1 | _aEscarpanter, José | |
| 245 | 0 | 0 | _aGramática moderna del español |
| 250 | _a20ª ed. | ||
| 260 |
_aMadrid _bPlayor _c1997 |
||
| 300 |
_a316 p. _bil., mapas |
||
| 490 | 0 | _aCómo dominar. Lengua y literatura | |
| 500 | _aContiene referencias bibliográficas | ||
| 650 | 4 | _aLINGUISTICA | |
| 650 | 4 | _aSEMANTICA | |
| 650 | 4 | _aGRAMATICA | |
| 650 | 4 | _aSINTAXIS | |
| 650 | 4 | _aMORFOLOGIA [LINGUISTICA] | |
| 650 | 4 | _aFONOLOGIA | |
| 650 | 4 | _aLINGUISTICA COMPARATIVA Y DIACRONICA | |
| 653 | _aHISTORIA DE LA LENGUA | ||
| 942 | _cBK | ||
| 998 | _cMARTIN | ||
| 999 |
_c15602 _d15602 |
||